Представление документа в формате MARC21

Поле Инд. ПП Название Значение
Тип записи a
Библиографический уровень m
001 Контрольный номер RU/LIBMSTU/291737159
005 Дата корректировки 20230516120034.7
008 Кодируемые данные 090331|||||||||ru |||||||||||000|||rus||
020 a ISBN 978-5-88476-923-6
c Цена, тираж 80-00
040 b Код языка каталог. rus
041 0_ a Код языка текста rus
084 a Индекс другой классификации/Индекс ББК 95+75.1
090 a Полочн. индекс 95
x Авторский знак М 91
110 2_ a Организация/ юрисдикция Мурманский государственный педагогический университет
245 10 a Заглавие Физическая культура и спорт как фактор социализации личности
b Продолж. заглавия материалы Всерос. виртуал. науч.-практ. конф., 1 марта - 30 апр. 2008 г.
c Ответственность Федер. агентство по образованию, Мурман. гос. пед. ун-т ; [науч. ред. С. А. Чайников]
260 a Место издания Мурманск
b Издательство МГПУ
c Дата издания 2008
300 a Объем 60 с.
500 a Примечание Авт. указаны на с. 60
650 04 a Основная рубрика Физическая культура и спорт-Научно-практические конференции
653 0_ a Ключевые слова Физическая культура
653 1_ a Ключевые слова Спорт
653 1_ a Ключевые слова Личность
653 1_ a Ключевые слова Социализация личности
653 1_ a Ключевые слова Конференции научно-практические
653 1_ a Ключевые слова Материалы конференций
653 1_ a Ключевые слова Физкультурно-оздоровительная деятельность
901 t Тип документа m